[Event "Belgrade-chT Quality"]
[Site "Belgrade"]
[Date "2019.10.27"]
[Round "8.7"]
[White "Nenezic, Goran"]
[Black "Petakovic, Milisav"]
[Result "1-0"]
[WhiteElo "1893"]
[BlackElo "2004"]
[PlyCount "103"]
[EventDate "2019.10.05"]
[EventType "team-tourn"]
[EventRounds "11"]
[EventCountry "SRB"]
[SourceTitle "EXT 2022"]
[Source "ChessBase"]
[SourceDate "2021.10.06"]
[SourceVersion "1"]
[SourceVersionDate "2021.10.06"]
[SourceQuality "1"]
[WhiteTeam "NBSK"]
[BlackTeam "Cukaricki"]
[WhiteTeamCountry "SRB"]
[BlackTeamCountry "SRB"]

1. Nf3 Nf6 2. d4 g6 3. c4 Bg7 4. Nc3 0-0 5. e4 d6 6. Be2 Nc6 7. d5 Nb8 8. 0-0 e5 9. b4 Nbd7 10. Ba3 Re8 11. c5 a6 12. Nd2 Bf8 13. Nb3 Be7 14. Qc2 Nf8 15. Rac1 Bd7 16. Na5 Bc8 17. Rfd1 N6d7 18. c6 Bg5 19. cxd7 Qxd7 20. Rb1 f5 21. Bc1 f4 22. f3 Qg7 23. b5 Nd7 24. bxa6 bxa6 25. Na4 Nf8 26. Bd2 Bh4 27. Rdc1 Bd7 28. Rb7 Rec8 29. Nb2 Bd8 30. Nc6 Bxc6 31. Qxc6 Nd7 32. Na4 a5 33. Qb5 Nc5 34. Nxc5 dxc5 35. Qe8+ Qf8 36. Qxf8+ Kxf8 37. Rxc5 Rcb8 38. Rxb8 Rxb8 39. Rb5 Rxb5 40. Bxb5 c5 41. dxc6 Ke7 42. Kf1 Kd6 43. Ke2 g5 44. h3 h5 45. Kd3 Kc5 46. a4 Bc7 47. Kc3 Bb6 48. Bc1 Kd6 49. Ba3+ Ke6 50. Ba6 g4 51. hxg4 hxg4 52. Bc8+ 1-0

[Event "Belgrade-chTB Quality"]
[Site "Belgrade"]
[Date "2018.11.04"]
[Round "11.6"]
[White "Radojicic, Aleksandar M"]
[Black "Nenezic, Goran"]
[Result "1/2-1/2"]
[WhiteElo "1814"]
[BlackElo "1996"]
[PlyCount "69"]
[EventDate "2018.09.29"]
[EventType "team-tourn"]
[EventRounds "11"]
[EventCountry "SRB"]
[SourceTitle "EXT 2022"]
[Source "ChessBase"]
[SourceDate "2021.10.06"]
[SourceVersion "1"]
[SourceVersionDate "2021.10.06"]
[SourceQuality "1"]
[WhiteTeam "Belgrade Visan"]
[BlackTeam "Belgrade NB"]
[WhiteTeamCountry "SRB"]
[BlackTeamCountry "SRB"]

1. d4 g6 2. g3 Bg7 3. Bg2 Nf6 4. e4 0-0 5. Ne2 c5 6. c3 d6 7. 0-0 Nc6 8. h3 e5 9. Be3 Qe7 10. d5 Na5 11. Nd2 b6 12. b4 Nb7 13. b5 Nh5 14. g4 Nf4 15. Nxf4 exf4 16. Bxf4 Bxc3 17. Rc1 Bg7 18. Nc4 Bd4 19. Re1 f6 20. Qb3 Kh8 21. Be3 Bd7 22. a4 h5 23. gxh5 g5 24. Qd3 Be5 25. Qd2 Rg8 26. Kh1 Qh7 27. f4 gxf4 28. Bxf4 Qxh5 29. Bxe5 fxe5 30. Qe3 Rg7 31. Rf1 Rag8 32. Rf6 Kh7 33. Qf3 Bg4 34. Qc3 Bc8 35. Qf3 1/2-1/2